Desarrollo científico-tecnológico y formación de recursos humanos en Centroamérica

Se señalan las principales tendencias y problemas de la estructura económica centroamericana y su relación con el desarrollo científico-tecnológico, enfocando sobre todo la formación de recursos humanos. La región centroamericana se encuentra actualmente en un período de recomposición de sus estruct...

Descripció completa

Guardat en:
Dades bibliogràfiques
Format: Text
Idioma:Spanish
Matèries:
Etiquetes: Afegir etiqueta
Sense etiquetes, Sigues el primer a etiquetar aquest registre!

MARC

LEADER 00000 a a2200000 04500
001 7865
003 cru CRAI/IIS
005 20210520093934.0
008 210520b |||||||| |||| 00| 0 spa d
040 |c cru CRAI/IIS 
245 |a Desarrollo científico-tecnológico y formación de recursos humanos en Centroamérica  
500 |a Colección Centroamérica 
520 |a Se señalan las principales tendencias y problemas de la estructura económica centroamericana y su relación con el desarrollo científico-tecnológico, enfocando sobre todo la formación de recursos humanos. La región centroamericana se encuentra actualmente en un período de recomposición de sus estructura productiva, orientando su disposición hacia el mercado externo, y en lo político se está llevando a cabo una preeminencia de la negociación como procedimiento que permite el ejercicio de un margen de autonomía suficiente para alcanzar la salida política a la crisis regional. Dentro de esto es que se expone la estructura económica y el modelo tecnológico regional y los modelos económicos y las áreas científicas tecnológicas propuestas. Además, se analiza para Guatemala, Costa Rica y Nicaragua, el desarrollo de su capacidad científico-tecnológica, específicamente dentro del campo de la formación de recursos humanos. Los datos para los tres países se presentan también por medio de cuadros estadísticos. AR/JM  
650 |a ESTRUCTURA ECONOMICA  
650 |a ESTRUCTURA DEL COMERCIO INTERNACIONAL  
650 |a POLITICA DE CIENCIA Y TECNOLOGIA  
650 |a PROGRAMAS DE INVESTIGACION  
650 |a PROGRESO CIENTIFICO  
773 |g número 46; páginas 73-88  
773 0 |0 18875  |9 4666  |a Universidad de Costa Rica.  |d San José, Costa Rica: Universidad de Costa Rica. Consejo Superior Universitario Centroamericano, 1972-  |o 14644  |t Estudios Sociales Centroamericanos /  |x 03039676 
942 |2 ddc  |c PP 
999 |c 38537  |d 38537